Normal view
MARC view
- Sarimah Ahmad,
Entry Personal Name
001 - CONTROL NUMBER
- control field: 5786
003 - CONTROL NUMBER IDENTIFIER
- control field: OSt
005 - DATE AND TIME OF LATEST TRANSACTION
- control field: 20170517160936.0
008 - FIXED-LENGTH DATA ELEMENTS
- fixed length control field: 170517|| aca||aabn | a|a d
040 ## - CATALOGING SOURCE
- Original cataloging agency: OSt
- Transcribing agency: OSt
100 ## - HEADING--PERSONAL NAME
- Personal name: Sarimah Ahmad,
- Titles and other words associated with a name: Dato'
670 ## - SOURCE DATA FOUND
- Source citation: Work cat.: (OSt)0: Sarimah Ahmad, Dato', Petua kecantikan daripada Dato' Sarimah Ahmad :, 2005

PORTAL AKMAL
E-MEL JKDM
AKMAL2U
G-BAM
u-PUSTAKA